000 01314cam a2200205 4500
001 WB3910-06
008 030311n2003 000 0 eng u
035 _a(Sirsi) u121600
245 _aNew competence framework for management consultants
260 _c2003
490 _aRICS Management Consultancy Faculty News
_v7 March 2003, (1)
520 _aThe Institute of Management Consultancy has recently developed the Certified Management Consultant CMC qualification into a new broader framework to define the knowledge,skills and behaviours of the fully competent management consultant. It sets out a standard for those within the profession and can be used as a benchmark for clients in developing their expectations of consultants. Further information is available at http://www.imc.co.uk/our_standards/competence_framework.php.Copiesof the competence framework can be purchased t +44 (0) 20 7566 5220 or [email protected] http://www.rics.org/ricscms/bin/show?class=News&template=/includes/shownews.html&id=5101&faculty=Management%20Consultancy&faculty=All%20Faculties
590 _aWB
650 _aMANAGEMENT CONSULTANTS
650 _aManagement consultancy
_96255
650 _aCOMPETENCIES
650 _aPROFESSIONAL STANDARDS
690 _aMANAGEMENT-BUSINESS MANAGEMENT
942 _n0
999 _c72286
_d72286